000 00602nam a2200121Ia 4500
008 220620s9999||||xx |||||||||||||| ||und||
245 0 _aEthnic Minorities and Regional Development in Asia
_bReality and Challenges
546 _aEnglish[eng]
650 _aculture and history||sociologie||cultuur and geschiedenis||economics||economie||sociology
700 _aCao, Huhua
856 _uhttps://library.oapen.org/bitstream/20.500.12657/35306/1/340020.pdf||https://library.oapen.org/bitstream/20.500.12657/35306/1/340020.pdf||https://library.oapen.org/bitstream/20.500.12657/35306/1/340020.pdf
942 _cEB
999 _c23665
_d23665